00543nam a22001697a 450000500170000001000120001702000260002903700280005508200130008310000260009624500830012225000060020526000560021127000660026730000220033370000180035520260227113448.0 aBACEN26 a9789370635883c475.00 bVikas Publishing House  21a006.3 aGurazada, Pavankumar  aArtificial Intelligence in Business/cby Pavankumar Gurazada [and] Seema Gupta a1 aUttar PradeshbS. Chand Publishing Housec2026(Rep) aD-92, Sector-2, Noida bUttar Pradeshe201301k61-120-4682700 a352p. c24cm(pb)  aGupta, Seema